WORLD of coconuts
| Corporate Author: | |
|---|---|
| Format: | Book |
| Published: |
Jakarta :
Asian and Pacific Coconut Community ,
(198--)
|
| Subjects: |
MARC
| LEADER | 00000cam a2200000 7i4500 | ||
|---|---|---|---|
| 001 | 0000002774 | ||
| 005 | 20040108.0 | ||
| 090 | 0 | 0 | |a 634.61 |b WOR (198--) |
| 245 | 0 | 0 | |a WORLD of coconuts |
| 260 | 0 | 0 | |a Jakarta : |b Asian and Pacific Coconut Community , |c (198--) |
| 300 | |a 24 p. : |b col. ill. ; |c 24 cm. | ||
| 650 | 0 | 0 | |a Coconut |
| 710 | 1 | 1 | |a Asian and Pacific Coconut Community |
| 998 | |a JPSM | ||
| 999 | |a 0000003776 |b Monograph |c Open Shelf |e Default branch | ||